Eugenia Calvo (Record no. 877)
[ view plain ]
| 000 -LEADER | |
|---|---|
| campo de control de longitud fija | 00472nam a22001457a 4500 |
| 008 - DATOS DE LONGITUD FIJA--INFORMACIÓN GENERAL | |
| campo de control de longitud fija | 160229b xxu||||| |||| 00| 0 eng d |
| 082 ## - NÚMERO DE LA CLASIFICACIÓN DECIMAL DEWEY | |
| Número de clasificación | 708 |
| Número de ítem | C169e |
| 245 ## - MENCIÓN DEL TÍTULO | |
| Título | Eugenia Calvo |
| Mención de responsabilidad, etc. | María Fernanda Cartagena |
| 260 ## - PUBLICACIÓN, DISTRIBUCIÓN, ETC. | |
| Lugar de publicación, distribución, etc. | [Ecuador] : |
| Nombre del editor, distribuidor, etc. | dpm, |
| Fecha de publicación, distribución, etc. | [2007] |
| 300 ## - DESCRIPCIÓN FÍSICA | |
| Extensión | 44 p. ; |
| Otras características físicas | ill. (col.) ; |
| Dimensiones | 20 cm. |
| 600 ## - PUNTO DE ACCESO ADICIONAL DE MATERIA--NOMBRE DE PERSONA | |
| Nombre de persona | Calvo, Eugenia |
| Subdivisión general | Catálogos |
| 9 (RLIN) | 4822 |
| 650 ## - PUNTO DE ACCESO ADICIONAL DE MATERIA--TÉRMINO DE MATERIA | |
| Término de materia o nombre geográfico como elemento de entrada | Galería dpm |
| Subdivisión geográfica | Ecuador, Miami |
| 9 (RLIN) | 4823 |
| 650 ## - PUNTO DE ACCESO ADICIONAL DE MATERIA--TÉRMINO DE MATERIA | |
| Término de materia o nombre geográfico como elemento de entrada | Arte Moderno |
| Subdivisión geográfica | Argentina |
| 9 (RLIN) | 4824 |
| 650 ## - PUNTO DE ACCESO ADICIONAL DE MATERIA--TÉRMINO DE MATERIA | |
| Término de materia o nombre geográfico como elemento de entrada | Arte Moderno Argentino |
| 9 (RLIN) | 4825 |
| Estatus retirado | Estado de pérdida | Fuente del sistema de clasificación o colocación | Estado de daño | No para préstamo | Biblioteca de origen | Biblioteca actual | Ubicación en estantería | Fecha de adquisición | Total de préstamos | Signatura topográfica completa | Código de barras | Visto por última vez | Precio de reemplazo | Tipo de ítem Koha |
|---|---|---|---|---|---|---|---|---|---|---|---|---|---|---|
| Clasificación Decimal Dewey | Biblioteca LadoV | Biblioteca LadoV | 29/02/2016 | 708 C169e | 000672 | 29/02/2016 | 29/02/2016 | Material 01 |
